[Event "Olympiad Women-41"]
[Site "Tromsoe"]
[Date "2014.08.12"]
[Round "10.4"]
[White "Mamedjarova, Turkan"]
[Black "Hagesaether, Ellen"]
[Result "1-0"]
[WhiteElo "2274"]
[BlackElo "2182"]
[PlyCount "123"]
[EventDate "2014.08.02"]
[EventType "team-swiss"]
[EventRounds "11"]
[EventCountry "NOR"]
[SourceTitle "CBM 162"]
[Source "ChessBase"]
[SourceDate "2014.09.17"]
[SourceVersion "1"]
[SourceVersionDate "2014.09.17"]
[SourceQuality "1"]
[WhiteTeam "Azerbaijan (W)"]
[BlackTeam "Norway (W)"]
[WhiteTeamCountry "AZE"]
[BlackTeamCountry "NOR"]

1. e4 e5 2. Nf3 Nc6 3. d4 exd4 4. Nxd4 Nf6 5. Nc3 Bc5 6. Nb3 Bb4 7. Bd3 d5 8. exd5 Qxd5 9. 0-0 Bxc3 10. bxc3 0-0 11. c4 Qd6 12. c5 Qe6 13. Re1 Qg4 14. f3 Qh4 15. g3 Qh5 16. Bf4 Nd5 17. g4 Qh4 18. Bxh7+ Qxh7 19. Qxd5 Nb4 20. Qd2 Nxc2 21. Bxc7 Nxa1 22. Rxa1 Qg6 23. Re1 Be6 24. Nd4 Rfe8 25. h3 Bd7 26. Rf1 Rac8 27. Bg3 Qh6 28. Qxh6 gxh6 29. Rb1 Rxc5 30. Rxb7 Rd5 31. Bf2 a5 32. Kg2 Rc8 33. Kg3 Rc4 34. Rb8+ Kg7 35. Ne2 Rd2 36. Rd8 Rxe2 37. Rxd7 Kf6 38. a3 Ra2 39. Rd6+ Ke5 40. Rxh6 Rxa3 41. Rh5+ Ke6 42. Rh6+ Ke7 43. Rh5 Ra1 44. h4 a4 45. Ra5 Kf6 46. Bc5 Rac1 47. Bf8 Rg1+ 48. Kf2 Rh1 49. Ra6+ Ke5 50. Bg7+ Kd5 51. h5 f5 52. Ra5+ Kc6 53. Kg2 fxg4 54. Kxh1 gxf3 55. h6 Rf4 56. Kg1 Rh4 57. Kf2 Kb6 58. Rg5 a3 59. Kxf3 Rh1 60. Kg2 Rh4 61. Rg3 a2 62. Ra3 1-0

[Event "Barbera del Valles op 37th"]
[Site "Barbera del Valles"]
[Date "2014.07.11"]
[Round "8"]
[White "Messina, Roberta"]
[Black "Hagesaether, Ellen"]
[Result "1/2-1/2"]
[WhiteElo "2057"]
[BlackElo "2182"]
[PlyCount "182"]
[EventDate "2014.07.04"]
[EventType "swiss"]
[EventRounds "9"]
[EventCountry "ESP"]
[SourceTitle "CBM 161 Extra"]
[Source "ChessBase"]
[SourceDate "2014.08.29"]
[SourceVersion "1"]
[SourceVersionDate "2014.08.29"]
[SourceQuality "1"]

1. Nf3 d5 2. g3 g6 3. c4 d4 4. b4 Bg7 5. Bb2 e5 6. d3 Ne7 7. Bg2 0-0 8. 0-0 h6 9. Qb3 Be6 10. a4 Nd7 11. Qa3 Rb8 12. Nbd2 g5 13. Nb3 b6 14. a5 b5 15. Nfd2 Re8 16. a6 bxc4 17. dxc4 f5 18. Bb7 Nb6 19. Na5 Rf8 20. b5 Qe8 21. Qc5 Qd8 22. Ba3 Rf7 23. Nf3 Ng6 24. Nc6 Qe8 25. Nxb8 Qxb8 26. Rfc1 Qd8 27. Bb2 Bf8 28. Qc6 Rf6 29. Nd2 Bd5 30. cxd5 Rxc6 31. Rxc6 Bd6 32. Ba3 Ne7 33. Bxd6 Nxc6 34. Bxc7 Qxc7 35. Rc1 Nxd5 36. Rxc6 Qa5 37. Rc8+ Kg7 38. Bxd5 e4 39. Nxe4 fxe4 40. Bxe4 Qe1+ 41. Kg2 Qxe2 42. Bf3 Qxb5 43. Rc7+ Kf6 44. Rxa7 d3 45. Ra8 g4 46. Bxg4 d2 47. Bf3 Qb3 48. Rd8 Qa3 49. Rxd2 Qxa6 50. Rc2 Qa4 51. Rc6+ Kg7 52. h4 Qd4 53. h5 Qd2 54. Rg6+ Kh7 55. Be4 Kh8 56. Rc6 Qg5 57. Rc8+ Kg7 58. Rc7+ Kg8 59. Bf3 Qd2 60. Rc5 Kg7 61. g4 Qd6 62. Rd5 Qf4 63. Rf5 Qd2 64. Bd5 Qd4 65. Rf7+ Kg8 66. Rf5+ Kg7 67. Bf3 Qd2 68. Rd5 Qf4 69. Rd7+ Kf6 70. Rd5 Kg7 71. Rd1 Qa4 72. Re1 Qb4 73. Re4 Qd6 74. Be2 Qc6 75. f3 Qc1 76. f4 Kf6 77. Bf3 Qd2+ 78. Kg3 Qc1 79. Re2 Qg1+ 80. Bg2 Qc1 81. Rf2 Qe3+ 82. Bf3 Qe1 83. Kg2 Qb4 84. Be2 Qe4+ 85. Bf3 Qb4 86. Be2 Qe4+ 87. Kg1 Qe3 88. g5+ hxg5 89. fxg5+ Kxg5 90. Kf1 Qxf2+ 91. Kxf2 Kh6 1/2-1/2

[Event "Barbera del Valles op 37th"]
[Site "Barbera del Valles"]
[Date "2014.07.09"]
[Round "6"]
[White "Hagesaether, Ellen"]
[Black "Garcia Acosta, Roger"]
[Result "1-0"]
[WhiteElo "2182"]
[BlackElo "2054"]
[PlyCount "97"]
[EventDate "2014.07.04"]
[EventType "swiss"]
[EventRounds "9"]
[EventCountry "ESP"]
[SourceTitle "CBM 161 Extra"]
[Source "ChessBase"]
[SourceDate "2014.08.29"]
[SourceVersion "1"]
[SourceVersionDate "2014.08.29"]
[SourceQuality "1"]

1. e4 e5 2. Nf3 Nc6 3. Bb5 a6 4. Ba4 Nf6 5. 0-0 Be7 6. Re1 b5 7. Bb3 d6 8. c3 0-0 9. h3 Na5 10. Bc2 c5 11. d4 Qc7 12. d5 c4 13. Nbd2 Nb7 14. Nf1 a5 15. g4 Nc5 16. Ng3 g6 17. Bh6 Re8 18. Qd2 Rb8 19. b4 cxb3 20. axb3 b4 21. c4 a4 22. bxa4 Ba6 23. Qe3 b3 24. Bb1 Bxc4 25. Nd2 Rb4 26. Nf5 b2 27. Ra3 Nxa4 28. Nxe7+ Qxe7 29. Bg5 Kg7 30. Nxc4 Rxc4 31. Qb3 Qc7 32. Rxa4 Rc1 33. Qe3 Rc8 34. Bh6+ Kg8 35. Ra3 Qc5 36. Rd3 Qa5 37. Rdd1 R1c3 38. Qg5 Rf3 39. Kg2 Rcc3 40. Re3 Rf4 41. Qh4 Rc1 42. Rb3 Qc7 43. Rg1 Nh5 44. Rxb2 f6 45. Rxc1 Qxc1 46. Rb8+ Kf7 47. Bxf4 Nxf4+ 48. Kh2 h5 49. Rb7+ 1-0